000 00755nam a2200193Ia 4500
003 GCL
008 140319s9999 xx 000 0 ara d
040 _aGCL /
_cGCL
082 0 4 _a839.7
_bب م
100 1 _aمحمد توفيق مصطفى (مترجم)
245 1 0 _aمن الاعمال المختارة سترند يرج - 2 الطريق الى دمشق : ثلاثية (هدية من الاديب عبدالفتاح الجمل) /
_cمحمد توفيق مصطفى (مترجم)
700 1 _aيرج، سترند
700 1 _aعبدالعزيز حسين
300 _a423 ص
490 _aمن المسرح العالمى
_v0
650 0 4 _aالمسرحيات السويدية
650 0 4 _aالادب السويدى المترجم
942 _2ddc
_cBK
999 _c46911
_d46911